000 00579nam a22002177a 4500
003 UA-OsUOA
001 110892
007 ta
008 20150415b un ||||| |||| 00| 0 ukr d
090 _a82
_bУ45
942 _cMG
040 _aUA-OsUOA
_bukr
_cUA-OsUOA
_dUA-OsUOA
245 _aУкраїнська література
_bБібліотека "Шкільного світу"
300 _a188 с.
955 _a1
041 _aukr
080 _a82
260 _aК.
044 _aUA
650 7 _a82 Література. Літературознавство
_2UDC
999 _c395524
_d395524